| 000 | 00403nam a2200181Ia 4500 | ||
|---|---|---|---|
| 005 | 20250603145839.0 | ||
| 008 | 250603s9999 xx 000 0 und d | ||
| 020 | _a9788175346093 | ||
| 100 | _aBakshi, P. | ||
| 245 | 4 | _aThe constituion of India | |
| 250 | _a9th ed. | ||
| 260 | _aIndia | ||
| 260 | _bUniversal law pub. co | ||
| 260 | _c2008 | ||
| 300 | _a407 p | ||
| 650 | _aIndia | ||
| 942 | _cBK | ||
| 999 |
_c43034 _d43034 |
||